Just The Two Of Us lyrics quiz - Statistics

General Stats
  • This quiz has been taken 35 times
    30 since last reset
  • The average score is 34 of 42
Answer Stats
Lyrics Answer % Correct
We can ____ it if we try make
100%
Just __ ___ of us the two
100%
And I wanna spend some ____ with you time
100%
Just the ___ of us two
100%
Just the two of __ us
100%
You __ I and
96%
We ___ make it if we try can
96%
You and _ I
96%
Just the two __ __ of us
96%
And the ____ of it all beauty
93%
I see the _____ raindrops fall crystal
93%
Building ______ in the sky castles
89%
___ the two of us Just
89%
Is when the sun comes _____ through shining
89%
Just __ two __ us the of
89%
Just __ two of __ the us
89%
When I ____ of you sometime think
89%
Just the ___ __ us two of
89%
___ and I You
89%
___ __ two of us Just the
85%
Just the __ of __ two us
85%
___ the two __ us Just of
81%
___ the ___ of us Just two
81%
___ the two of __ Just us
81%
Not for those who ___ too late wait
81%
__ can make it if we __ We try
81%
On the _____ down the hall window
81%
We can ___ it, just the __ of __ make two us
78%
To make those ______ in my mind rainbows
78%
Good ___ might come to those ___ wait things who
78%
Building ___ castles in the sky them
74%
I ___ the crystal raindrops fall hear
70%
And it don’t make __ flowers grow no
70%
And it becomes the morning __ dew
63%
We ___ for love. no ____ for tears look time
63%
And I see the ______ sun morning
59%
Wasted ___ all that is water’s
59%
We ____ go for all we ___ gotta know
56%
I _____ be the ___ with you wanna one
56%
And _____ when the morning comes darling
52%
Building __ castles way on ___ big high
44%
___ get it _______ baby Let’s together
30%
No matching quizzes found
Score Distribution
Percent of People with Each Score
Percentile by Number Answered
Your Score History
You have not taken this quiz since the last reset